000 00419nam a2200181Ia 4500
008 210210b1955 xxu||||| |||| 00| 0 eng d
041 _aeng
082 _a824/5
100 _aALEXANDER (Peter)
245 _aHamlet father and son
260 _aOxford
_bAt the Clarendon Press
_c1955
650 _ason
650 _aHamlet
650 _afather
650 _aand
690 _aEnglish Criticism
906 _a013959
999 _c133032
_d133032